[Event "MP do 18 lat - chlopcy"]
[Site "Sypniewo"]
[Date "2022.03.21"]
[Round "3.6"]
[White "Luczak, Filip"]
[Black "Luberanski, Jakub"]
[Result "1-0"]
[BlackElo "2211"]
[WhiteElo "2300"]
[LiveChessVersion "1.4.8"]

1. Nf3 {[%clk 1:30:59]} d5 {[%clk 1:30:56]} 2. e3 {[%clk 1:29:37]} Nf6
{[%clk 1:31:12]} 3. d4 {[%clk 1:27:49]} c6 {[%clk 1:30:30]} 4. Bd3
{[%clk 1:24:35]} Bg4 {[%clk 1:29:43]} 5. Nbd2 {[%clk 1:22:53]} e6
{[%clk 1:29:45]} 6. c4 {[%clk 1:19:48]} Nbd7 {[%clk 1:26:23]} 7. b3
{[%clk 1:07:51]} Bd6 {[%clk 1:20:17]} 8. Bb2 {[%clk 1:06:33]} O-O
{[%clk 1:14:57]} 9. Qc2 {[%clk 1:06:07]} Bxf3 {[%clk 1:11:34]} 10. Nxf3
{[%clk 1:05:16]} Qa5+ {[%clk 1:07:56]} 11. Ke2 {[%clk 0:58:14]} Rfe8
{[%clk 0:50:58]} 12. c5 {[%clk 0:52:25]} Bb8 {[%clk 0:45:57]} 13. b4
{[%clk 0:51:31]} Qd8 {[%clk 0:45:40]} 14. Ne5 {[%clk 0:50:20]} Bxe5
{[%clk 0:31:56]} 15. dxe5 {[%clk 0:50:44]} Ng4 {[%clk 0:32:22]} 16. f4
{[%clk 0:42:14]} Qh4 {[%clk 0:30:39]} 17. Raf1 {[%clk 0:39:03]} a5
{[%clk 0:24:29]} 18. h3 {[%clk 0:30:47]} axb4 {[%clk 0:24:00]} 19. hxg4
{[%clk 0:28:41]} Qxg4+ {[%clk 0:24:28]} 20. Kf2 {[%clk 0:26:06]} Rxa2
{[%clk 0:17:10]} 21. Rxh7 {[%clk 0:21:34]} Nxc5 {[%clk 0:14:45]} 22. Rh8+
{[%clk 0:17:44]} Kxh8 {[%clk 0:15:09]} 23. Rh1+ {[%clk 0:18:12]} Kg8
{[%clk 0:15:27]} 24. Bh7+ {[%clk 0:18:38]} Kf8 {[%clk 0:12:38]} 25. Qxc5+
{[%clk 0:18:04]} Re7 {[%clk 0:13:04]} 26. Bc2 {[%clk 0:14:24]} g6
{[%clk 0:12:09]} 27. Qxb4 {[%clk 0:08:53]} Rxb2 {[%clk 0:07:18]} 28. Qxb2
{[%clk 0:09:19]} Rd7 {[%clk 0:07:01]} 29. Qa3+ {[%clk 0:08:59]} Kg7
{[%clk 0:07:05]} 30. Qa8 {[%clk 0:09:16]} 1-0

[Event "MP do 18 lat - chlopcy"]
[Site "Sypniewo"]
[Date "2022.03.21"]
[Round "3.7"]
[White "Koziorowicz, Michal"]
[Black "Budzisz, Adrian"]
[Result "0-1"]
[BlackElo "2064"]
[WhiteElo "2291"]
[LiveChessVersion "1.4.8"]

1. e4 {[%clk 1:30:48]} c5 {[%clk 1:30:56]} 2. Nf3 {[%clk 1:29:57]} d6
{[%clk 1:31:20]} 3. d4 {[%clk 1:27:16]} cxd4 {[%clk 1:30:12]} 4. Qxd4
{[%clk 1:27:40]} Nc6 {[%clk 1:30:29]} 5. Bb5 {[%clk 1:25:53]} a6 {[%clk 1:30:53]}
6. Bxc6+ {[%clk 1:26:17]} bxc6 {[%clk 1:31:19]} 7. O-O {[%clk 1:24:28]} e5
{[%clk 1:30:28]} 8. Qd3 {[%clk 1:23:19]} Ne7 {[%clk 1:22:03]} 9. c4
{[%clk 1:05:49]} Ng6 {[%clk 1:19:29]} 10. Rd1 {[%clk 1:03:25]} Be7
{[%clk 1:18:49]} 11. Be3 {[%clk 0:59:39]} Be6 {[%clk 1:15:35]} 12. Nc3
{[%clk 0:54:03]} O-O {[%clk 1:14:34]} 13. h4 {[%clk 0:52:29]} Bg4
{[%clk 1:12:23]} 14. c5 {[%clk 0:42:48]} Bxf3 {[%clk 1:08:55]} 15. gxf3
{[%clk 0:41:37]} dxc5 {[%clk 0:52:08]} 16. h5 {[%clk 0:34:25]} Nh4
{[%clk 0:50:57]} 17. f4 {[%clk 0:28:13]} Qb8 {[%clk 0:44:27]} 18. f5
{[%clk 0:24:20]} Nf3+ {[%clk 0:41:06]} 19. Kh1 {[%clk 0:23:17]} Nd4
{[%clk 0:41:30]} 20. b3 {[%clk 0:21:34]} Kh8 {[%clk 0:40:08]} 21. Na4
{[%clk 0:20:17]} Qd6 {[%clk 0:34:10]} 22. Qf1 {[%clk 0:15:00]} g6
{[%clk 0:33:05]} 23. Rac1 {[%clk 0:11:12]} gxf5 {[%clk 0:29:00]} 24. Nxc5
{[%clk 0:10:17]} Rg8 {[%clk 0:29:05]} 25. f3 {[%clk 0:06:55]} Qf6
{[%clk 0:24:19]} 26. Rd2 {[%clk 0:05:43]} Rg3 {[%clk 0:23:26]} 27. Nd7
{[%clk 0:05:36]} Qe6 {[%clk 0:21:25]} 28. Nxe5 {[%clk 0:05:46]} c5
{[%clk 0:20:46]} 29. Rxd4 {[%clk 0:04:30]} cxd4 {[%clk 0:20:28]} 30. Bxd4
{[%clk 0:04:56]} f6 {[%clk 0:19:04]} 31. Rc6 {[%clk 0:03:05]} Qg8
{[%clk 0:19:01]} 32. exf5 {[%clk 0:00:44]} Rd8 {[%clk 0:19:06]} 33. Bc3
{[%clk 0:01:02]} Rh3+ {[%clk 0:18:58]} 0-1

[Event "MP do 18 lat - chlopcy"]
[Site "Sypniewo"]
[Date "2022.03.21"]
[Round "3.8"]
[White "Gradalski, Olaf"]
[Black "Kacprzak, Karol"]
[Result "1/2-1/2"]
[BlackElo "2275"]
[WhiteElo "2051"]
[LiveChessVersion "1.4.8"]

1. e4 {[%clk 1:30:57]} c5 {[%clk 1:30:51]} 2. Nf3 {[%clk 1:31:21]} d6
{[%clk 1:31:14]} 3. Bb5+ {[%clk 1:31:41]} Nd7 {[%clk 1:26:29]} 4. d4
{[%clk 1:31:48]} cxd4 {[%clk 1:26:34]} 5. Qxd4 {[%clk 1:31:35]} a6
{[%clk 1:26:30]} 6. Bxd7+ {[%clk 1:31:20]} Bxd7 {[%clk 1:26:52]} 7. c4
{[%clk 1:29:47]} e5 {[%clk 1:22:51]} 8. Qd3 {[%clk 1:23:39]} Rc8 {[%clk 1:21:31]}
9. Nc3 {[%clk 1:19:07]} h6 {[%clk 1:18:27]} 10. O-O {[%clk 1:16:51]} Nf6
{[%clk 1:05:05]} 11. b3 {[%clk 1:13:15]} Qc7 {[%clk 1:04:15]} 12. a4
{[%clk 1:09:16]} Be7 {[%clk 0:47:00]} 13. Be3 {[%clk 0:42:21]} b6
{[%clk 0:36:04]} 14. Nd2 {[%clk 0:33:56]} O-O {[%clk 0:32:07]} 15. f3
{[%clk 0:33:38]} Qb7 {[%clk 0:22:52]} 16. Rfc1 {[%clk 0:31:23]} Be6
{[%clk 0:17:51]} 17. Nd5 {[%clk 0:27:58]} Bd8 {[%clk 0:17:45]} 18. Nxf6+
{[%clk 0:21:31]} Bxf6 {[%clk 0:17:45]} 19. Qxd6 {[%clk 0:21:31]} Rfd8
{[%clk 0:17:45]} 20. Qb4 {[%clk 0:21:31]} Rd3 {[%clk 0:17:27]} 21. Nf1
{[%clk 0:13:45]} Rb8 {[%clk 0:08:43]} 22. Rab1 Be7 23. Qe1 {[%clk 0:06:28]} Rbd8
{[%clk 0:03:10]} 24. Rd1 b5 {[%clk 0:02:18]} 25. axb5 {[%clk 0:04:46]} axb5
{[%clk 0:02:56]} 26. Qe2 {[%clk 0:02:43]} Rxd1 {[%clk 0:02:56]} 27. Rxd1
{[%clk 0:03:07]} Rxd1 {[%clk 0:03:07]} 28. Qxd1 {[%clk 0:03:32]} bxc4
{[%clk 0:03:33]} 29. bxc4 {[%clk 0:03:58]} Bxc4 {[%clk 0:03:58]} 30. Nd2
{[%clk 0:03:14]} Be6 {[%clk 0:04:11]} 31. Nf1 {[%clk 0:02:49]} Qb2
{[%clk 0:03:02]} 32. Qd2 {[%clk 0:02:35]} Qb3 {[%clk 0:03:01]} 33. Kf2
{[%clk 0:01:41]} Kh7 {[%clk 0:03:12]} 34. Qc1 {[%clk 0:01:18]} Ba3
{[%clk 0:01:55]} 35. Qd2 {[%clk 0:00:36]} Bc4 {[%clk 0:01:53]} 36. Kg1
{[%clk 0:00:33]} Qb1 {[%clk 0:01:58]} 37. Qf2 {[%clk 0:00:48]} Bb4
{[%clk 0:02:06]} 38. g4 {[%clk 0:00:42]} Be1 {[%clk 0:01:45]} 39. Qg2
{[%clk 0:01:07]} Qd1 {[%clk 0:01:25]} 40. g5 {[%clk 0:31:05]} h5 {[%clk 0:30:53]}
41. f4 {[%clk 0:23:27]} exf4 {[%clk 0:26:24]} 42. Bxf4 {[%clk 0:23:50]} Bc3
{[%clk 0:25:26]} 43. Be3 {[%clk 0:23:38]} Bd3 {[%clk 0:24:40]} 44. h3
{[%clk 0:22:46]} Kg6 {[%clk 0:14:17]} 45. Qf2 {[%clk 0:21:02]} Bxe4
{[%clk 0:14:14]} 46. Kh2 {[%clk 0:21:09]} Be5+ {[%clk 0:11:56]} 47. Bf4
{[%clk 0:21:34]} Bxf4+ {[%clk 0:09:40]} 48. Qxf4 {[%clk 0:22:03]} Qe2+
{[%clk 0:10:02]} 49. Kg3 {[%clk 0:22:28]} Qg2+ {[%clk 0:10:21]} 50. Kh4
{[%clk 0:22:53]} Bb7 {[%clk 0:02:40]} 51. Ng3 {[%clk 0:12:49]} Qd5
{[%clk 0:00:50]} 52. Nxh5 {[%clk 0:10:49]} Qe4 {[%clk 0:00:33]} 1/2-1/2

[Event "MP do 18 lat - chlopcy"]
[Site "Sypniewo"]
[Date "2022.03.21"]
[Round "3.9"]
[White "Panek, Bartosz"]
[Black "Dzida, Kamil"]
[Result "0-1"]
[BlackElo "2243"]
[WhiteElo "2010"]
[LiveChessVersion "1.4.8"]

1. e4 {[%clk 1:27:24]} c5 {[%clk 1:30:49]} 2. Nf3 {[%clk 1:27:46]} d6
{[%clk 1:31:11]} 3. Bb5+ {[%clk 1:28:08]} Bd7 {[%clk 1:31:33]} 4. c4
{[%clk 1:28:32]} e5 {[%clk 1:31:56]} 5. Nc3 {[%clk 1:28:37]} g6 {[%clk 1:32:12]}
6. d3 {[%clk 1:27:57]} Bg7 {[%clk 1:32:33]} 7. Nd5 {[%clk 1:26:38]} Nc6
{[%clk 1:30:46]} 8. O-O {[%clk 1:24:17]} h6 {[%clk 1:30:52]} 9. Bd2
{[%clk 1:14:45]} Nge7 {[%clk 1:31:03]} 10. Rb1 {[%clk 1:05:47]} O-O
{[%clk 1:30:52]} 11. b4 {[%clk 1:04:17]} f5 {[%clk 1:30:24]} 12. Bxc6
{[%clk 0:59:13]} Bxc6 {[%clk 1:22:46]} 13. bxc5 {[%clk 0:59:33]} dxc5
{[%clk 1:23:08]} 14. Qc1 {[%clk 0:57:35]} g5 {[%clk 1:20:39]} 15. Bc3
{[%clk 0:54:12]} Ng6 {[%clk 1:20:07]} 16. a4 {[%clk 0:41:48]} Qd7
{[%clk 1:18:40]} 17. Nxg5 {[%clk 0:32:31]} Bxd5 {[%clk 1:17:04]} 18. cxd5
{[%clk 0:32:06]} Nf4 {[%clk 1:17:23]} 19. Qe3 {[%clk 0:24:35]} hxg5
{[%clk 1:17:41]} 20. g3 {[%clk 0:24:11]} Nh3+ {[%clk 1:15:13]} 21. Kg2
{[%clk 0:23:58]} Rac8 {[%clk 1:12:14]} 22. exf5 {[%clk 0:17:47]} Rxf5
{[%clk 1:10:48]} 23. Qe4 {[%clk 0:16:15]} g4 {[%clk 1:08:42]} 24. Rxb7
{[%clk 0:12:17]} Qxb7 {[%clk 1:03:39]} 25. Qxf5 {[%clk 0:12:37]} Qxd5+
{[%clk 1:04:06]} 26. f3 {[%clk 0:12:43]} Qa2+ {[%clk 1:04:13]} 27. Kh1
{[%clk 0:12:44]} Rf8 {[%clk 1:04:37]} 28. Qh5 {[%clk 0:08:08]} Qe2
{[%clk 1:04:34]} 0-1

[Event "MP do 18 lat - chlopcy"]
[Site "Sypniewo"]
[Date "2022.03.21"]
[Round "3.10"]
[White "Kaliszuk, Kamil"]
[Black "Czernek, Tymon"]
[Result "1-0"]
[BlackElo "2229"]
[WhiteElo "1963"]
[LiveChessVersion "1.4.8"]

1. e4 {[%clk 1:30:57]} c5 {[%clk 1:30:57]} 2. Nf3 {[%clk 1:31:17]} Nc6
{[%clk 1:31:23]} 3. Bb5 {[%clk 1:31:05]} d6 {[%clk 1:31:44]} 4. O-O
{[%clk 1:30:08]} Bd7 {[%clk 1:32:10]} 5. Re1 {[%clk 1:29:30]} Nf6
{[%clk 1:32:26]} 6. c3 {[%clk 1:29:46]} a6 {[%clk 1:31:46]} 7. Bf1
{[%clk 1:28:37]} Bg4 {[%clk 1:31:50]} 8. d4 {[%clk 1:25:49]} e5 {[%clk 1:05:00]}
9. d5 {[%clk 1:11:31]} Nb8 {[%clk 1:01:10]} 10. Be3 {[%clk 1:05:16]} Be7
{[%clk 0:58:30]} 11. Nbd2 {[%clk 1:03:52]} O-O {[%clk 0:58:00]} 12. h3
{[%clk 0:57:29]} Bc8 {[%clk 0:52:45]} 13. b4 {[%clk 0:55:16]} b6 {[%clk 0:46:45]}
14. Rb1 {[%clk 0:47:25]} Ne8 {[%clk 0:43:33]} 15. bxc5 {[%clk 0:43:41]} bxc5
{[%clk 0:43:51]} 16. Nc4 {[%clk 0:43:59]} Nd7 {[%clk 0:41:13]} 17. Qa4
{[%clk 0:39:30]} f5 {[%clk 0:36:28]} 18. exf5 {[%clk 0:35:59]} Rxf5
{[%clk 0:32:03]} 19. Na5 {[%clk 0:30:11]} Bf8 {[%clk 0:16:33]} 20. Bd3
{[%clk 0:28:53]} Rh5 {[%clk 0:15:56]} 21. Be2 {[%clk 0:20:48]} g6
{[%clk 0:07:59]} 22. Qc6 {[%clk 0:14:42]} Rb8 {[%clk 0:02:55]} 23. Ng5
{[%clk 0:13:30]} Rxb1 {[%clk 0:01:30]} 24. Rxb1 {[%clk 0:13:36]} Rxg5
{[%clk 0:01:10]} 25. Bxg5 {[%clk 0:14:02]} Qxg5 {[%clk 0:01:06]} 26. Qxc8
{[%clk 0:14:22]} Nef6 {[%clk 0:01:21]} 27. Bg4 {[%clk 0:13:49]} Nxg4
{[%clk 0:01:17]} 28. Qxd7 {[%clk 0:14:12]} Nf6 {[%clk 0:01:40]} 29. Qe6+
{[%clk 0:13:38]} Kg7 {[%clk 0:02:02]} 30. Nc4 {[%clk 0:12:51]} Ne4
{[%clk 0:01:27]} 31. Ne3 {[%clk 0:11:33]} Nxc3 {[%clk 0:00:35]} 32. Rb7+
{[%clk 0:11:50]} Kh8 {[%clk 0:01:02]} 33. Qf7 {[%clk 0:11:49]} Ne2+
{[%clk 0:01:27]} 34. Kf1 {[%clk 0:11:49]} Qh6 {[%clk 0:01:18]} 35. Rb8
{[%clk 0:12:14]} 1-0

[Event "MP do 18 lat - chlopcy"]
[Site "Sypniewo"]
[Date "2022.03.21"]
[Round "3.11"]
[White "Kasprzak, Lukasz"]
[Black "Redzisz, Michal"]
[Result "1/2-1/2"]
[BlackElo "2223"]
[WhiteElo "1884"]
[LiveChessVersion "1.4.8"]

1. c4 {[%clk 1:30:57]} c5 {[%clk 1:23:07]} 2. g3 {[%clk 1:29:15]} Nc6
{[%clk 1:23:34]} 3. Bg2 {[%clk 1:29:07]} g6 {[%clk 1:24:00]} 4. Nf3
{[%clk 1:27:31]} Bg7 {[%clk 1:24:27]} 5. O-O {[%clk 1:26:38]} e5 {[%clk 1:24:56]}
6. Nc3 {[%clk 1:25:07]} Nge7 {[%clk 1:25:18]} 7. d3 {[%clk 1:24:38]} d6
{[%clk 1:25:45]} 8. Bg5 {[%clk 1:14:34]} f6 {[%clk 1:20:57]} 9. Bd2
{[%clk 1:13:11]} Be6 {[%clk 1:21:23]} 10. e4 {[%clk 1:02:47]} O-O
{[%clk 1:21:50]} 11. Qc1 {[%clk 1:00:57]} Qd7 {[%clk 1:22:10]} 12. a3
{[%clk 0:50:25]} Rac8 {[%clk 1:18:31]} 13. Nd5 {[%clk 0:45:56]} f5
{[%clk 1:13:46]} 14. Bg5 {[%clk 0:36:04]} Kh8 {[%clk 1:09:41]} 15. Qd2
{[%clk 0:27:51]} Ng8 {[%clk 1:09:16]} 16. Be3 {[%clk 0:24:13]} Nf6
{[%clk 0:52:03]} 17. Ng5 {[%clk 0:21:01]} Bg8 {[%clk 0:52:00]} 18. f3
{[%clk 0:17:46]} h6 {[%clk 0:48:54]} 19. Nh3 {[%clk 0:18:06]} g5 {[%clk 0:49:21]}
20. Nxf6 {[%clk 0:16:53]} Rxf6 {[%clk 0:47:31]} 21. exf5 {[%clk 0:17:21]} Qxf5
{[%clk 0:47:09]} 22. Nf2 {[%clk 0:17:02]} Qd7 {[%clk 0:45:59]} 23. Ne4
{[%clk 0:14:13]} Rg6 {[%clk 0:43:56]} 24. b4 {[%clk 0:13:50]} b6 {[%clk 0:42:50]}
25. bxc5 {[%clk 0:14:01]} dxc5 {[%clk 0:42:52]} 26. Rad1 {[%clk 0:08:35]} Rd8
{[%clk 0:42:44]} 27. Rf2 {[%clk 0:07:25]} Qf5 {[%clk 0:37:25]} 28. Qc2
{[%clk 0:06:35]} Qd7 {[%clk 0:31:14]} 29. Qa4 {[%clk 0:03:17]} Be6
{[%clk 0:31:01]} 30. Rfd2 {[%clk 0:02:01]} Qc7 {[%clk 0:31:18]} 31. Bf2
{[%clk 0:01:49]} Ne7 {[%clk 0:30:27]} 32. Qc2 g4 {[%clk 0:30:18]} 33. fxg4
{[%clk 0:01:09]} Bxg4 {[%clk 0:30:47]} 34. Re1 {[%clk 0:00:58]} h5
{[%clk 0:30:26]} 35. h3 {[%clk 0:00:46]} Be6 {[%clk 0:30:00]} 36. Nc3
{[%clk 0:00:37]} Qd7 {[%clk 0:29:40]} 37. Kh2 {[%clk 0:00:49]} Bxc4
{[%clk 0:28:33]} 38. Qd1 {[%clk 0:00:38]} h4 {[%clk 0:24:47]} 39. g4
{[%clk 0:00:34]} Bxd3 {[%clk 0:18:06]} 40. Bxh4 {[%clk 0:30:39]} c4
{[%clk 0:47:10]} 41. Ne4 {[%clk 0:19:42]} Kg8 {[%clk 0:31:08]} 42. Bf1
{[%clk 0:14:27]} Rh6 43. Bxd3 {[%clk 0:12:45]} cxd3 {[%clk 0:23:56]} 44. Bxe7
{[%clk 0:13:10]} Qxe7 {[%clk 0:24:18]} 45. Rxd3 {[%clk 0:13:30]} Rd4
{[%clk 0:23:47]} 1/2-1/2

[Event "MP do 18 lat - chlopcy"]
[Site "Sypniewo"]
[Date "2022.03.21"]
[Round "3.12"]
[White "Turski, Bartlomiej"]
[Black "Bachor, Tomasz"]
[Result "1/2-1/2"]
[BlackElo "2041"]
[WhiteElo "2220"]
[LiveChessVersion "1.4.8"]

1. e4 {[%clk 1:30:57]} c5 {[%clk 1:30:47]} 2. Nf3 {[%clk 1:31:21]} e6
{[%clk 1:31:11]} 3. d4 {[%clk 1:31:33]} cxd4 {[%clk 1:31:35]} 4. Nxd4
{[%clk 1:31:59]} a6 {[%clk 1:31:58]} 5. Bd3 {[%clk 1:32:03]} Nf6 {[%clk 1:32:20]}
6. O-O {[%clk 1:31:53]} Qc7 {[%clk 1:32:44]} 7. Qe2 {[%clk 1:30:59]} d6
{[%clk 1:33:05]} 8. c4 {[%clk 1:27:20]} g6 {[%clk 1:32:52]} 9. Nc3
{[%clk 1:21:04]} Bg7 {[%clk 1:33:09]} 10. Be3 {[%clk 1:18:02]} O-O
{[%clk 1:33:08]} 11. f4 {[%clk 1:16:14]} Nbd7 {[%clk 1:32:32]} 12. Rfc1
{[%clk 1:11:40]} b6 {[%clk 1:26:15]} 13. b4 {[%clk 1:08:54]} Bb7 {[%clk 1:25:36]}
14. Nb3 {[%clk 1:03:21]} Rac8 {[%clk 1:23:08]} 15. a4 {[%clk 0:56:46]} Qb8
{[%clk 1:19:58]} 16. a5 {[%clk 0:50:44]} d5 {[%clk 1:04:31]} 17. e5
{[%clk 0:32:25]} Ng4 {[%clk 0:44:44]} 18. cxd5 {[%clk 0:22:15]} Ndxe5
{[%clk 0:39:21]} 19. axb6 {[%clk 0:06:44]} Nxe3 {[%clk 0:28:58]} 20. fxe5
{[%clk 0:06:11]} Qxe5 {[%clk 0:27:00]} 21. Nc5 {[%clk 0:05:16]} Bxd5
{[%clk 0:14:06]} 22. Nxd5 {[%clk 0:04:15]} Qxd5 {[%clk 0:13:42]} 23. b7
{[%clk 0:02:26]} Rxc5 {[%clk 0:05:13]} 24. bxc5 {[%clk 0:00:41]} Bxa1
{[%clk 0:04:34]} 25. Rxa1 {[%clk 0:00:58]} Qxc5 {[%clk 0:04:11]} 26. Qf2
{[%clk 0:00:38]} Qd4 {[%clk 0:04:14]} 27. Rb1 {[%clk 0:00:33]} Qxd3
{[%clk 0:04:06]} 28. b8=Q {[%clk 0:00:58]} Rxb8 {[%clk 0:04:28]} 29. Rxb8+
{[%clk 0:01:23]} Kg7 {[%clk 0:04:54]} 30. Qb2+ {[%clk 0:00:34]} Kh6
{[%clk 0:04:01]} 31. Qc1 {[%clk 0:00:43]} g5 {[%clk 0:03:41]} 32. Rb2
{[%clk 0:00:45]} Nd5 {[%clk 0:02:42]} 33. h4 {[%clk 0:00:35]} Qd4+
{[%clk 0:03:03]} 34. Rf2 {[%clk 0:01:04]} Qxh4 {[%clk 0:02:02]} 35. Rxf7
{[%clk 0:01:28]} Qd4+ {[%clk 0:02:29]} 36. Kh1 {[%clk 0:01:13]} Qh4+
{[%clk 0:01:51]} 37. Kg1 {[%clk 0:01:42]} Qd4+ {[%clk 0:02:15]} 38. Kh1
{[%clk 0:02:10]} Kg6 {[%clk 0:01:13]} 39. Rd7 {[%clk 0:00:57]} Qh4+
{[%clk 0:01:16]} 40. Kg1 {[%clk 0:31:27]} Qd4+ {[%clk 0:31:36]} 41. Kh1
{[%clk 0:31:52]} Qh4+ {[%clk 0:30:59]} 42. Kg1 {[%clk 0:30:10]} Qe4
{[%clk 0:23:02]} 43. Qa1 {[%clk 0:26:09]} Nf6 {[%clk 0:21:08]} 1/2-1/2

[Event "MP do 18 lat - chlopcy"]
[Site "Sypniewo"]
[Date "2022.03.21"]
[Round "3.13"]
[White "Ullrich, Karol"]
[Black "Dalkowski, Rafal"]
[Result "0-1"]
[BlackElo "2138"]
[WhiteElo "1748"]
[LiveChessVersion "1.4.8"]

1. e4 {[%clk 1:30:59]} c5 {[%clk 1:30:49]} 2. Nf3 {[%clk 1:31:24]} g6
{[%clk 1:31:13]} 3. d4 {[%clk 1:31:49]} cxd4 {[%clk 1:31:38]} 4. Nxd4
{[%clk 1:32:16]} Nc6 {[%clk 1:31:56]} 5. Nc3 {[%clk 1:32:17]} Bg7
{[%clk 1:31:30]} 6. Be3 {[%clk 1:32:39]} Nf6 {[%clk 1:31:11]} 7. Bc4
{[%clk 1:30:43]} O-O {[%clk 1:29:48]} 8. f3 {[%clk 1:30:16]} Qb6 {[%clk 1:28:13]}
9. Qd2 {[%clk 1:20:18]} Nxe4 {[%clk 1:21:53]} 10. fxe4 {[%clk 1:20:10]} Bxd4
{[%clk 1:19:54]} 11. Bxd4 {[%clk 1:20:26]} Qxd4 {[%clk 1:19:11]} 12. Qe2
{[%clk 1:20:02]} d6 {[%clk 1:17:46]} 13. Bb3 {[%clk 1:18:42]} Be6
{[%clk 1:14:46]} 14. Nd5 {[%clk 1:18:16]} Bxd5 {[%clk 1:12:27]} 15. exd5
{[%clk 1:17:48]} Qxb2 {[%clk 1:11:34]} 16. O-O {[%clk 1:17:14]} Ne5
{[%clk 1:11:39]} 17. Kh1 {[%clk 1:17:22]} f5 {[%clk 1:06:41]} 18. Rae1
{[%clk 1:16:05]} Rf6 {[%clk 1:03:33]} 19. Qe3 {[%clk 1:14:29]} Kg7
{[%clk 1:02:02]} 20. Qg3 {[%clk 1:11:08]} Qd4 {[%clk 0:56:22]} 21. Rf4
{[%clk 1:07:18]} Qd2 {[%clk 0:56:04]} 22. h4 {[%clk 1:03:20]} b5 {[%clk 0:50:37]}
23. Ref1 {[%clk 0:57:34]} Rc8 {[%clk 0:45:19]} 24. h5 {[%clk 0:54:29]} Rc3
{[%clk 0:43:07]} 25. Qh4 {[%clk 0:50:59]} Qe3 {[%clk 0:37:10]} 26. Re1
{[%clk 0:47:10]} Qg3 {[%clk 0:35:36]} 27. Qxg3 {[%clk 0:45:59]} Rxg3
{[%clk 0:35:51]} 28. Kh2 {[%clk 0:45:48]} Rc3 {[%clk 0:35:43]} 29. hxg6
{[%clk 0:46:01]} hxg6 {[%clk 0:36:06]} 30. a4 {[%clk 0:45:53]} a6
{[%clk 0:35:41]} 31. axb5 {[%clk 0:45:55]} axb5 {[%clk 0:36:07]} 32. Rb4
{[%clk 0:46:12]} Rc5 {[%clk 0:36:03]} 33. Ra1 {[%clk 0:46:28]} g5
{[%clk 0:32:23]} 34. Ra5 {[%clk 0:43:10]} Rh6+ {[%clk 0:32:44]} 35. Kg1
{[%clk 0:42:58]} g4 {[%clk 0:32:03]} 36. Rbxb5 {[%clk 0:42:52]} Rc3
{[%clk 0:31:33]} 37. Rb8 {[%clk 0:41:50]} g3 {[%clk 0:30:38]} 38. Raa8
{[%clk 0:41:44]} Re3 {[%clk 0:30:39]} 39. Rg8+ {[%clk 0:41:50]} Kf6
{[%clk 0:30:52]} 40. Ra1 {[%clk 1:11:46]} Ng4 {[%clk 1:00:54]} 41. Rf1
{[%clk 1:11:12]} Ke5 {[%clk 1:00:18]} 42. Rg7 {[%clk 1:05:26]} Kd4
{[%clk 0:59:44]} 43. Rf7 {[%clk 1:05:08]} Nf2 {[%clk 0:59:38]} 44. Rxf2
{[%clk 1:05:18]} Rh1+ {[%clk 1:00:00]} 0-1

[Event "MP do 18 lat - chlopcy"]
[Site "Sypniewo"]
[Date "2022.03.21"]
[Round "3.14"]
[White "Kozlowski, Michal"]
[Black "Syrkiewicz, Michal"]
[Result "1/2-1/2"]
[BlackElo "1988"]
[WhiteElo "2078"]
[LiveChessVersion "1.4.8"]

1. e4 {[%clk 1:30:58]} c5 {[%clk 1:30:48]} 2. Nf3 {[%clk 1:31:27]} Nc6
{[%clk 1:31:04]} 3. d4 {[%clk 1:31:37]} cxd4 {[%clk 1:31:24]} 4. Nxd4
{[%clk 1:32:02]} Nf6 {[%clk 1:31:39]} 5. Nc3 {[%clk 1:32:00]} d6 {[%clk 1:31:30]}
6. Bc4 {[%clk 1:31:50]} e6 {[%clk 1:30:20]} 7. Be3 {[%clk 1:28:27]} a6
{[%clk 1:27:54]} 8. O-O {[%clk 1:23:18]} Qc7 {[%clk 1:24:15]} 9. Bb3
{[%clk 1:12:34]} Be7 {[%clk 1:19:29]} 10. f3 {[%clk 1:12:21]} O-O
{[%clk 1:18:14]} 11. a4 {[%clk 1:01:25]} Rd8 {[%clk 1:10:17]} 12. Qd2
{[%clk 1:00:03]} b6 {[%clk 1:00:45]} 13. Nxc6 {[%clk 0:59:06]} Qxc6
{[%clk 1:00:59]} 14. Qd4 {[%clk 0:56:21]} Rb8 {[%clk 0:56:02]} 15. Rfd1
{[%clk 0:52:50]} Nd7 {[%clk 0:50:51]} 16. Qd2 {[%clk 0:44:42]} Bb7
{[%clk 0:45:44]} 17. Bd4 {[%clk 0:38:13]} Rbc8 {[%clk 0:39:00]} 18. Qf4
{[%clk 0:33:24]} Bf6 {[%clk 0:35:48]} 19. Bxf6 {[%clk 0:32:31]} Nxf6
{[%clk 0:36:07]} 20. Rd2 {[%clk 0:30:53]} Qc5+ {[%clk 0:34:10]} 21. Kh1
{[%clk 0:31:20]} Rd7 {[%clk 0:31:25]} 22. Rad1 {[%clk 0:31:39]} Rcd8
{[%clk 0:31:40]} 23. h3 {[%clk 0:28:16]} h6 {[%clk 0:30:50]} 24. Qg3
{[%clk 0:26:29]} Kf8 {[%clk 0:24:53]} 25. Rd4 {[%clk 0:20:37]} b5
{[%clk 0:20:11]} 26. axb5 {[%clk 0:20:12]} axb5 {[%clk 0:20:38]} 27. Qf2
{[%clk 0:20:07]} Bc6 {[%clk 0:19:47]} 28. R4d2 {[%clk 0:17:49]} Ke7
{[%clk 0:17:27]} 29. Ra1 {[%clk 0:16:00]} b4 {[%clk 0:15:53]} 30. Nd1
{[%clk 0:12:06]} Ra8 {[%clk 0:14:35]} 31. Rxa8 {[%clk 0:12:13]} Bxa8
{[%clk 0:14:59]} 32. Qd4 {[%clk 0:11:07]} Bc6 {[%clk 0:13:22]} 1/2-1/2